02506am aa2200457i 44500003001300000005001700013008004400030020001800074020001800092035001900110040003300129041001300162082002200175245010700197250002500304264005100329300005400380336002700434337003300461338002800494500008900522500003700611500005200648500006500700504004200765505025600807520033901063546004801402650003101450650003801481650005201519650003701571655004201608700002801650700002701678700005101705710005401756710004001810710005701850856014101907 PE-LiUPU20251024130550.0 2109s2021 sp#a rb 001 0 spa d a9788491137788 a9788491138556 aPE-LiUPU000070 aPE-LiUPUbspacPE-LiUPUerda1 aspaheng04a616.025223bS54100aSheehy :benfermería de urgencias : principios y práctica /ceditado por Vicki Sweet y Andi Foley. aSéptima edición. 1aBarcelona :bElsevier España, S.L.U.,c2021. a684 páginas :bilustraciones en color ;c28 cm. atextobtxt2rdacontent asin mediaciónbn2rdamedia avolumenbnc2rdacarrier aTraducción de: Sheehy’s Emergency Nursing: Principles and Practice, 7th edition. aDepósito legal: B. 14120-2020. aRevisión científica: Antonio Esteve Ríos. aIncluye índice alfabético (p. 647) y láminas en color. aIncluye referencias bibliográficas.0 aFundamentos de la enfermería de urgencias -- Práctica profesional -- Fundamentos clínicos de la enfermería de urgencias -- Urgencias médicas y quirúrgicas -- Emergencias traumatológicas -- Poblaciones especiales -- Índice alfabético. aManual exhaustivo sobre los principios y la práctica de la enfermería de urgencias. Incluye guías actualizadas sobre valoración del paciente, manejo del dolor, trauma, emergencias médicas, quirúrgicas y pediátricas, así como procedimientos especializados para el personal de urgencias y emergencias extrahospitalarias. aTexto en español, traducido del inglés. 0aEnfermería de urgencias. 0aServicios de urgencias médicas. 0aAtención de emergencias médicasxMétodos. 0aCuidados críticosxProtocolos. 7aManuales y textos de referencia2rdfs1 aSweet, Vicki,eeditora.1 aFoley, Andi,eeditora.1 aEsteve Ríos, Antonio,erevisor científico.2 aEmergency Nurses Association,eautor corporativo.2 aElsevier España, S.L.U.,eeditor.2 aGEA Consultoría Editorial,eservicios editoriales.40uhttps://www.elsevier.es/libro/sheehy-enfermeria-urgencias-principios-practica-9788491137788zSitio web oficial de la editorial Elsevier.